000
00294nam a22001337a 4500
003
SGT
020
_a
9788184575774
082
_a
371.91,KUM
100
_a
KUMAR SUDIP
245
_a
DRASTIBADHIT VIDHARTHIYON KI SAMASYA
260
_a
NEW DELHI
_b
KANISKA
_c
2021
300
_a
153
942
_2
ddc
_c
BK
999
_c
26664
_d
26664